Testo del Cantico delle Creature - San Francesco - Statistics

Statistiche generali
  • Questo quiz è stato fatto 13 volte
  • Il punteggio medio è 99 su 274
Statistiche sulle risposte
Cantico % Corretto
e
85%
è
85%
la
85%
si
85%
signor
85%
A
77%
a
77%
fratello
77%
luna
77%
o
77%
per
77%
sole,
77%
sorella
77%
le
69%
tu
69%
creature,
62%
creature
62%
te
62%
te,
62%
acqua,
54%
il
54%
mio
54%
Signore,
54%
terra,
54%
tutte
54%
con
46%
di
46%
fuoco,
46%
stelle:
46%
ci
38%
da
38%
in
38%
In
38%
madre
38%
tue
38%
cielo
31%
cielo;
31%
hai
31%
Lodato
31%
sii,
31%
solo,
31%
tuo
31%
uomo
31%
vento,
31%
Altissimo,
23%
amore,
23%
Buon
23%
che
23%
luce
23%
morte
23%
nostra
23%
ogni
23%
perché
23%
quale
23%
sono
23%
belle.
15%
chiare
15%
create,
15%
dai
15%
del
15%
ed
15%
fiori
15%
giorno
15%
gloria,
15%
li
15%
lui
15%
male.
15%
nome
15%
non
15%
Onnipotente
15%
preziose
15%
questo
15%
sostiene
15%
specialmente
15%
umile,
15%
Beati
8%
bello
8%
bello,
8%
benedizione.
8%
corporale,
8%
degno
8%
Egli
8%
erba.
8%
forte.
8%
frutti,
8%
giocondo,
8%
grande
8%
l’aria
8%
lodi,
8%
l’onore
8%
loro
8%
moriranno
8%
nessun
8%
notte.
8%
porta
8%
può
8%
pura.
8%
quello
8%
raggiante
8%
robusto
8%
sereno,
8%
splendore
8%
addicono
0%
alcun
0%
alle
0%
attraverso
0%
benedite
0%
caso
0%
coronati.
0%
dalla
0%
diversi
0%
dolori
0%
farà
0%
governa:
0%
guai
0%
illumini:
0%
illumini
0%
insieme
0%
Lodate
0%
malattie.
0%
mentre
0%
menzionarti.
0%
molto
0%
mortale.
0%
nuvoloso
0%
peccato
0%
perdonano
0%
preziosa
0%
produce
0%
quelli
0%
ringraziatelo
0%
rispettano
0%
saranno
0%
scappare;
0%
segno.
0%
serenamente,
0%
servitelo
0%
sopportano
0%
sopporteranno
0%
sostentamento.
0%
spirituale
0%
stagione
0%
tramite
0%
troveranno
0%
umiltà.
0%
utile
0%
variopinti
0%
vive
0%
volontà.
0%
Nessun quiz corrispondente trovato
Distribuzione punteggi
Percentuale di utenti per punteggio
Percentile per numero di risposta
I tuoi punteggi nel tempo
Non hai fatto questo quiz